00193nam a2200073Ia 4500008004100000100000900041245003300050260003600083190216s9999||||xx |||||||||||||| ||und|| aNull 0aHindi-Prathi Nithi Kahaniyam bThe Macmillian Co. Of India Ltd